000 00705nam a2200253Ia 4500
003 OSt
005 20220928104606.0
006 a|||||r|||| 00| 0
007 ta
008 220927b |||||||| |||| 00| 0 eng d
020 _c440
024 _a107778
037 _b252, 08/03/2010, Granthlok
_cTextual
040 _aSDCL
_cSDCL
_beng
041 _2eng
_aeng
082 _aO152,3N68,1, Q0
100 _aVishwajeet Sapan
_9411191
245 0 _aUnsila vastra.
260 _aDelhi
_bAakarti Prakasahan
_c2010
300 _a292p.
_ccm.
650 _aHindi
_9391598
942 _hO152,3N68,1, Q0
_cTEXL
_2CC
999 _c726857
_d726857